000 00557nam a2200181Ia 4500
003 OSt
005 20260331091226.0
008 211028s2010 xx 000 0 und d
040 _cAIMIT LIBRARY
041 _aeng
082 _a658.8 DSOV
100 _aDsouza, Viyola, Sridhar, Sambatur.
_g816059
_96547
245 _aExploratory study on promotional strategies for setting up an extension counter for four wheelers in rural areas /
260 _bSridhar, Sambatur
_c2010
600 _aMarketing
_96548
650 _aMarketing
_96549
942 _2ddc
_cPRO
999 _c218274
_d218274